000 00899nam a2200301 a 4500
001 000012296
003 DO-SdBNP
005 20250212081417.0
007 ta
008 091111s1995 dr 000 f spa d
040 _aDO-SdBNP
_bspa
_cBNPHU
_erda
041 _hspa
082 _aRD863.44
_bE79e
_222
100 1 _aEstévez Aristy, Justiniano,
_d1962-
_eautor
_93212
245 1 0 _aEste pueblo arderá a las seis /
_cJustiniano Estévez Aristy.
264 _aSanto Domingo :
_bBúho,
_c1995.
300 _a104 páginas ;
_c21 cm.
336 _ardacontent
_btexto
_2txt
337 _ardamedia
_bsin mediación
_2n
338 _ardacarrier
_bvolumen
_2nc
490 1 _aOver
_v1
590 _aInventariado, 2020 /LP
650 0 _aCuentos dominicanos
_9176
650 0 _aLiteratura dominicana.
_967
830 0 _aOver
_v1
_928956
910 _aValidado. Control de calidad BNPHU
942 _2ddc
_cLBS1
999 _c11953
_d11953